000 00257nam a2200109Ia 4500
008 200302s9999 xx 000 0 und d
100 _aMarco Hemmerling
245 _aDigital Design Manual
260 _bDOM Publishers Germany
260 _c2011
300 _a255
999 _c4646
_d4646